MC CRACKEN'SREMOVABLE PARTIAL PROSTHODONTICS (Record no. 9817)
[ view plain ]
| 000 -LEADER | |
|---|---|
| fixed length control field | 00343nam a22001457a 4500 |
| 020 ## - INTERNATIONAL STANDARD BOOK NUMBER | |
| International Standard Book Number | 9788131226575 |
| 082 ## - DEWEY DECIMAL CLASSIFICATION NUMBER | |
| Classification number | 617.672,M11C |
| 100 ## - MAIN ENTRY--PERSONAL NAME | |
| Personal name | CARR,ALAN B |
| 245 ## - TITLE STATEMENT | |
| Title | MC CRACKEN'SREMOVABLE PARTIAL PROSTHODONTICS |
| 250 ## - EDITION STATEMENT | |
| Edition statement | 12TH |
| 260 ## - PUBLICATION, DISTRIBUTION, ETC. (IMPRINT) | |
| Place of publication, distribution, etc | NEW DELHI |
| Name of publisher, distributor, etc | ELSEVIER |
| Year of Publication | 2011 |
| 300 ## - PAGE DESCRIPTION | |
| No. of Pages | 385 |
| 650 ## - SUBJECT ADDED ENTRY--TOPICAL TERM | |
| Topical term or geographic name as entry element | PROSTHODONTICS |
| 942 ## - ADDED ENTRY ELEMENTS (KOHA) | |
| Source of classification or shelving scheme | Dewey Decimal Classification |
| Koha item type | Books |
| 942 ## - ADDED ENTRY ELEMENTS (KOHA) | |
| -- | 19 |
| Withdrawn status | Lost status | Source of classification or shelving scheme | Damaged status | Not for loan | Home library | Current library | Shelving location | Date acquired | Vendor Name | Cost, normal purchase price | SGTU | Bill Number | Total Checkouts | Full call number | Accession No. (Barcode) | Date last seen | Date last borrowed | Bill Date | Koha item type |
|---|---|---|---|---|---|---|---|---|---|---|---|---|---|---|---|---|---|---|---|
| Dewey Decimal Classification | SGT Dental Library | SGT Dental Library | Text Book | 19/08/2016 | ABC | 1175.00 | SGTU | 6923 | 1 | 617.672,M11C | FD7364 | 11/02/2023 | 11/02/2023 | Books | |||||
| Dewey Decimal Classification | SGT Dental Library | SGT Dental Library | Text Book | 19/08/2016 | ABC | 1175.00 | SGTU | 6923 | 617.672,M11C | FD7365 | 19/08/2016 | Books | |||||||
| Dewey Decimal Classification | SGT Dental Library | SGT Dental Library | Text Book | 19/08/2016 | ABC | 1175.00 | SGTU | 6923 | 8 | 617.672,M11C | FD7366 | 24/02/2026 | 19/02/2026 | Books | |||||
| Dewey Decimal Classification | SGT Dental Library | SGT Dental Library | Text Book | 19/08/2016 | ABC | 1175.00 | SGTU | 6923 | 11 | 617.672,M11C | FD7367 | 26/02/2026 | 10/02/2026 | Books | |||||
| Dewey Decimal Classification | SGT Dental Library | SGT Dental Library | Text Book | 19/08/2016 | ABC | 1175.00 | SGTU | 6923 | 9 | 617.672,M11C | FD7368 | 16/02/2026 | 16/02/2026 | Books |